000 01147nam a22002897i 4500
003 EG-ScBUE
005 20220731111147.0
008 220731s2007 ua f 000 0 ara d
017 _a2007 / 24103
020 _a9771805282
040 _aEG-ScBUE
_bara
_erda
_cEG-ScBUE
_dEG-ScBUE
043 _af-ua---
082 0 4 _222
_a332.370962
_bإ ن ش
245 0 0 _a‪إنشاء الصناعات الأهلية وتنظيم التسليف الصناعي :
_b‪مشروع بنك صناعي مصري : تقرير مفصل مقدم لوزارة المالية من بنك مصر عام 1929.
250 _aالطبعة الثانية.
264 1 _aالقاهرة :
_bمطبعة دار الكتب والوثائق القومية،
_c2007.
300 _a228 صفحة ؛
_c30 سم
336 _2rdacontent
_aنص
_btxt
337 _2rdamedia
_aبدون وسيط
_bn
338 _2rdacarrier
_aمجلد
_bnc
650 7 _a‪البنوك
_xتمويل
_zمصر.
_2BUEsh
650 7 _a‪البنوك
_xجوانب اقتصادية
_zمصر.
_2BUEsh
653 _bBUSECO
_cJuly2022
655 _vReading book
_934232
710 2 _aبنك مصر.
942 _2ddc
999 _c29912
_d29883